Lengua, discurso, texto

Guardat en:
Dades bibliogràfiques
Autor corporatiu: Universidad Complutense de Madrid (Autor)
Format: Llibre
Idioma:espanyol
anglès
francès
Publicat: Madrid Visor 2000
Col·lecció:Biblioteca Filológica Hispana, 51-52
Matèries:
Etiquetes: Afegir etiqueta
Sense etiquetes, Sigues el primer a etiquetar aquest registre!

MARC

LEADER 00000nam a2200000 a 4500
001 UCN5984
003 CL-VaPUC
005 20231128114029.0
008 010913e20000000sp 1 spa d
041 0 7 |a spa  |2 CL-VaPUC 
041 0 7 |a eng  |2 CL-VaPUC 
041 0 7 |a fre  |2 CL-VaPUC 
082 0 4 |a 401.41  |b UNI  |2 21 
110 2 |a Universidad Complutense de Madrid  |e author  |9 619968 
245 1 0 |a Lengua, discurso, texto 
260 |a Madrid  |b Visor  |c 2000 
300 |a v 
490 0 |a Biblioteca Filológica Hispana, 51-52 
583 |a last modification  |c 20010913 00:00:00  |k Rodrigo Vera 
650 0 0 |a Análisis del discurso  |9 256696 
650 0 0 |a Gramática  |9 270497 
650 0 0 |a Lingüística  |9 265068 
942 |c BK 
945 |a vberengu  |d 20010913 00:00:00 
546 |a En Español 
546 |a En Inglés 
546 |a En Francés 
536 |a Universidad Complutense de Madrid 
518 |p Simposio Internacional de Análisis del Discurso, 1, abril de 1998 
999 |c 383690  |d 383688 
952 |0 0  |1 0  |4 0  |6 401_410000000000000_UNI_2000  |7 0  |8 A  |9 505900  |a FDOPOS  |b FDOPOS  |d 2020-01-23  |h v.1  |i 3731898  |o 401.41 UNI 2000  |p 3731898  |r 2025-01-22  |w 2020-01-23  |y BK  |k MLA 
952 |0 0  |1 0  |4 0  |6 401_410000000000000_UNI_2000  |7 0  |8 A  |9 505901  |a FDOPOS  |b FDOPOS  |d 2020-01-23  |h v.2  |i 3731901  |o 401.41 UNI 2000  |p 3731901  |r 2025-01-22  |w 2020-01-23  |y BK  |k MLA